[Event "Charlesbourg Alekhine"]
[Site "Charlesbourg CAN"]
[Date "2012.09.24"]
[Round "4"]
[White "Beaudoin, Stephane"]
[Black "Cote, Jocelyn"]
[Result "1-0"]
[WhiteElo "2072"]
[BlackElo "1755"]
[PlyCount "95"]
[GameId "2160767909445397"]
[EventDate "2012.09.03"]
[EventType "swiss"]
[EventRounds "5"]
[EventCountry "CAN"]
[SourceTitle "EXT 2022"]
[Source "ChessBase"]
[SourceDate "2021.10.06"]
[SourceVersion "1"]
[SourceVersionDate "2021.10.06"]
[SourceQuality "1"]

1. e4 c5 2. Nc3 Nc6 3. Nf3 d6 4. d4 cxd4 5. Nxd4 a6 6. Be3 Nf6 7. Be2 e6 8. O-O Be7 9. a4 O-O 10. f4 Qc7 11. Nxc6 bxc6 12. a5 Nd7 13. Na4 c5 14. Qd2 Rb8 15. Rfd1 Rd8 16. Bf3 Rb5 17. c4 Rb4 18. Qc2 Bb7 19. Bd2 Qxa5 20. Bxb4 cxb4 21. b3 Qc7 22. Qe2 a5 23. Ra2 Bc6 24. Rad2 Bxa4 25. bxa4 Nc5 26. e5 Nxa4 27. exd6 Rxd6 28. Rxd6 Bxd6 29. Qd3 Be7 30. Qe4 Qc5+ 31. Kh1 Nc3 32. Qa8+ Bf8 33. Rd8 b3 34. Qb8 a4 35. g3 g6 36. Rc8 Qe7 37. c5 Kg7 38. c6 Nd5 39. Rxf8 Qc5 40. Rg8+ Kh6 41. Kg2 Qc2+ 42. Kh3 Qf5+ 43. Bg4 Nxf4+ 44. Qxf4+ Qxf4 45. gxf4 b2 46. Rb8 a3 47. c7 a2 48. c8=Q 1-0

[Event "Charlesbourg Alekhine"]
[Site "Charlesbourg CAN"]
[Date "2012.09.24"]
[Round "4"]
[White "Glode, Martin"]
[Black "Lessard, Claude"]
[Result "0-1"]
[WhiteElo "1864"]
[BlackElo "2068"]
[PlyCount "100"]
[GameId "2160767909445398"]
[EventDate "2012.09.03"]
[EventType "swiss"]
[EventRounds "5"]
[EventCountry "CAN"]
[SourceTitle "EXT 2022"]
[Source "ChessBase"]
[SourceDate "2021.10.06"]
[SourceVersion "1"]
[SourceVersionDate "2021.10.06"]
[SourceQuality "1"]

1. e4 e6 2. d4 d5 3. Nc3 Bb4 4. exd5 exd5 5. Bd3 Bxc3+ 6. bxc3 Ne7 7. Qf3 c5 8. dxc5 Nbc6 9. Qf4 Qa5 10. Ne2 Qxc5 11. Qg3 Be6 12. O-O O-O-O 13. Qe3 Qxe3 14. Bxe3 Nf5 15. Bxf5 Bxf5 16. Nd4 Nxd4 17. Bxd4 a6 18. Rfe1 Rhg8 19. Re2 h5 20. Rae1 Be6 21. Re5 g6 22. Rb1 Rd6 23. Rb6 Rxb6 24. Bxb6 Kd7 25. Kf1 Rc8 26. Ba5 Rc4 27. a3 Kc6 28. Re2 b6 29. Bb4 a5 30. Bf8 d4 31. Rd2 Bf5 32. Rxd4 Rxc3 33. Rd6+ Kc7 34. Rf6 Be6 35. Ke1 Rxc2 36. Kd1 Ra2 37. Rf4 g5 38. Rf6 Kc6 39. Kc1 Kd5 40. Rf3 Kc4 41. Kb1 Re2 42. Bg7 Bd5 43. Rc3+ Kb5 44. Bd4 Bxg2 45. Be3 Bd5 46. Kc1 g4 47. Rc2 Re1+ 48. Kd2 Rb1 49. Bd4 Ka4 50. Bb2 Bb3 0-1

[Event "Charlesbourg Alekhine"]
[Site "Charlesbourg CAN"]
[Date "2012.09.24"]
[Round "4"]
[White "Plante, Rejean"]
[Black "Doyon, Stephane"]
[Result "1-0"]
[WhiteElo "1984"]
[BlackElo "1715"]
[PlyCount "53"]
[GameId "2160767909445399"]
[EventDate "2012.09.03"]
[EventType "swiss"]
[EventRounds "5"]
[EventCountry "CAN"]
[SourceTitle "EXT 2022"]
[Source "ChessBase"]
[SourceDate "2021.10.06"]
[SourceVersion "1"]
[SourceVersionDate "2021.10.06"]
[SourceQuality "1"]

1. d4 Nf6 2. c4 e6 3. Nf3 Bb4+ 4. Bd2 Qe7 5. Qc2 Bxd2+ 6. Nbxd2 O-O 7. g3 b6 8. Bg2 Bb7 9. O-O d5 10. Rac1 Na6 11. cxd5 exd5 12. Rfe1 c5 13. e3 Nb4 14. Qb1 Ba6 15. Rc3 Ne4 16. Nxe4 dxe4 17. Ne5 Bb7 18. a3 Nd5 19. Rcc1 f6 20. Nc4 b5 21. Na5 cxd4 22. Bxe4 g6 23. Nxb7 Qxb7 24. Qa2 Rfd8 25. Rc5 Qf7 26. Bxd5 Rxd5 27. Qxd5 1-0

[Event "Charlesbourg Alekhine"]
[Site "Charlesbourg CAN"]
[Date "2012.10.01"]
[Round "5"]
[White "Bahadi, Khalid"]
[Black "Rouleau, Claude"]
[Result "1-0"]
[WhiteElo "1711"]
[BlackElo "1977"]
[PlyCount "25"]
[GameId "2160767909445400"]
[EventDate "2012.09.03"]
[EventType "swiss"]
[EventRounds "5"]
[EventCountry "CAN"]
[SourceTitle "EXT 2022"]
[Source "ChessBase"]
[SourceDate "2021.10.06"]
[SourceVersion "1"]
[SourceVersionDate "2021.10.06"]
[SourceQuality "1"]

1. e4 c5 2. Nf3 d6 3. d4 cxd4 4. Nxd4 e6 5. c4 Nf6 6. Nc3 Be7 7. Be2 Nc6 8. Be3 d5 9. cxd5 exd5 10. Bb5 Qd6 11. e5 Qxe5 12. Nxc6 bxc6 13. Bxc6+ 1-0

[Event "Charlesbourg Alekhine"]
[Site "Charlesbourg CAN"]
[Date "2012.10.01"]
[Round "5"]
[White "Garneau, Benoit"]
[Black "Beaudoin, Stephane"]
[Result "1-0"]
[WhiteElo "1799"]
[BlackElo "2072"]
[PlyCount "129"]
[GameId "2160767909445401"]
[EventDate "2012.09.03"]
[EventType "swiss"]
[EventRounds "5"]
[EventCountry "CAN"]
[SourceTitle "EXT 2022"]
[Source "ChessBase"]
[SourceDate "2021.10.06"]
[SourceVersion "1"]
[SourceVersionDate "2021.10.06"]
[SourceQuality "1"]

1. Nf3 g6 2. g3 Bg7 3. Bg2 Nf6 4. O-O O-O 5. c4 d6 6. d4 Na6 7. Nc3 c5 8. d5 Nc7 9. e4 b6 10. Bf4 Ba6 11. Nd2 Nh5 12. Be3 b5 13. cxb5 Nxb5 14. Nxb5 Bxb5 15. Re1 Rb8 16. Qc2 Qc8 17. a4 Ba6 18. Rab1 Nf6 19. Nc4 Ng4 20. Na5 Ne5 21. Red1 Qc7 22. b4 Rfc8 23. Bh3 Re8 24. f4 Rxb4 25. Rxb4 Qxa5 26. Rbb1 Nc4 27. Bc1 Bd4+ 28. Kh1 h5 29. Bd7 Rf8 30. Bb5 Ne3 31. Bxe3 Bxe3 32. Qd3 Bxb5 33. Qxb5 Qc7 34. Rd3 Bd4 35. Qb7 Qa5 36. Qxe7 Qxa4 37. Qxd6 Bg7 38. Re3 Qc2 39. Rbe1 Bd4 40. R3e2 Qd3 41. Kg2 c4 42. e5 c3 43. e6 Qb5 44. exf7+ Kg7 45. Re6 Qd3 46. Re8 Rxf7 47. R8e7 Rxe7 48. Rxe7+ Kh6 49. Qd7 Qc2+ 50. Kh3 Qf5+ 51. Qxf5 gxf5 52. Rc7 a5 53. Rc6+ Kg7 54. d6 Bf6 55. d7 c2 56. Rxc2 Kf7 57. Rc5 Bd8 58. Rxf5+ Ke6 59. Rxh5 Kxd7 60. Rd5+ Ke7 61. Kg4 Bc7 62. Rc5 Kd6 63. Rc4 Bb6 64. Kf5 Kd5 65. Ra4 1-0

[Event "Charlesbourg Alekhine"]
[Site "Charlesbourg CAN"]
[Date "2012.10.01"]
[Round "5"]
[White "Lessard, Claude"]
[Black "Fecteau, Martin"]
[Result "1-0"]
[WhiteElo "2068"]
[BlackElo "1938"]
[PlyCount "131"]
[GameId "2160767909445402"]
[EventDate "2012.09.03"]
[EventType "swiss"]
[EventRounds "5"]
[EventCountry "CAN"]
[SourceTitle "EXT 2022"]
[Source "ChessBase"]
[SourceDate "2021.10.06"]
[SourceVersion "1"]
[SourceVersionDate "2021.10.06"]
[SourceQuality "1"]

1. d4 d5 2. Bf4 Nf6 3. e3 e6 4. Bd3 Bd6 5. Bxd6 Qxd6 6. f4 Qb4+ 7. Nd2 Qxb2 8. Ngf3 Qa3 9. O-O O-O 10. Qe2 b6 11. Ne5 Ba6 12. c4 Bb7 13. Rfc1 Qe7 14. c5 bxc5 15. Rxc5 c6 16. Rb1 Rc8 17. Qd1 Rc7 18. Qc2 Nbd7 19. Nxc6 Bxc6 20. Rxc6 Rxc6 21. Qxc6 Qd8 22. h3 Rc8 23. Qa6 Rc7 24. Kf2 Qc8 25. Qxc8+ Rxc8 26. Rb7 Ra8 27. a4 g6 28. g4 Nf8 29. Bb5 a5 30. g5 Nh5 31. Nb3 Ng7 32. Bd3 Ne8 33. Rb5 Nd6 34. Rxa5 Rb8 35. Nc5 Rb2+ 36. Kf3 Nc4 37. Ra8 Kg7 38. Ra7 Ra2 39. Rb7 Nd2+ 40. Kg3 Nc4 41. Bxc4 dxc4 42. Rb4 c3 43. Rc4 c2 44. Kf3 h5 45. h4 Nh7 46. Ne4 Rxa4 47. Rxc2 Ra7 48. Rc8 f5 49. Nc5 Kf7 50. Nd3 Nf8 51. Ne5+ Kg7 52. Re8 Rc7 53. Ke2 Rc2+ 54. Kd3 Rc7 55. e4 fxe4+ 56. Kxe4 Rc1 57. Nf3 Rc2 58. Re7+ Kg8 59. Ra7 Re2+ 60. Kd3 Rb2 61. Ne5 Rf2 62. Ke4 Rb2 63. Nd3 Rh2 64. Ne5 Rxh4 65. Ra8 Kg7 66. Rxf8 1-0

[Event "Charlesbourg Capablanca"]
[Site "Charlesbourg CAN"]
[Date "2012.01.09"]
[Round "1"]
[White "Beauchesne, Jonathan"]
[Black "Bonneau, Daniel"]
[Result "0-1"]
[WhiteElo "1650"]
[BlackElo "2050"]
[PlyCount "106"]
[GameId "2160767909572905"]
[EventDate "2012.01.09"]
[EventType "swiss"]
[EventRounds "5"]
[EventCountry "CAN"]
[SourceTitle "EXT 2022"]
[Source "ChessBase"]
[SourceDate "2021.10.06"]
[SourceVersion "1"]
[SourceVersionDate "2021.10.06"]
[SourceQuality "1"]

1. e4 e6 2. d4 d5 3. exd5 exd5 4. h3 Bd6 5. Nf3 Bf5 6. Bd3 Bxd3 7. Qxd3 c6 8. O-O Ne7 9. Nc3 Nd7 10. Ne2 Qc7 11. b3 O-O-O 12. c4 dxc4 13. bxc4 h6 14. Ba3 Kb8 15. Rab1 Bxa3 16. Qxa3 Rhe8 17. Rb2 Ka8 18. Rfb1 Rb8 19. Nc3 Nc8 20. c5 Nf6 21. Ne5 Re6 22. Nc4 a6 23. Na5 b5 24. cxb6 Rxb6 25. Rxb6 Nxb6 26. Nb3 Qa7 27. Nc5 Re8 28. Qxa6 Qxa6 29. Nxa6 Kb7 30. Nb4 Rd8 31. Nc2 Kc7 32. Re1 Nbd5 33. Nxd5+ Nxd5 34. a4 Ra8 35. Ra1 Ra5 36. Ne3 Nc3 37. g4 Ne2+ 38. Kg2 Nxd4 39. Nc4 Rc5 40. Ne3 g6 41. Ra2 Kb6 42. a5+ Ka6 43. Ra4 Ne6 44. Rc4 Rxc4 45. Nxc4 Nd8 46. f4 Kb5 47. f5 c5 48. fxg6 fxg6 49. Ne5 g5 50. Kf3 Kxa5 51. Ke4 Kb5 52. Kf5 Nc6 53. Nf3 Nd4+ 0-1

[Event "Charlesbourg Capablanca"]
[Site "Charlesbourg CAN"]
[Date "2012.01.09"]
[Round "1"]
[White "Beaudoin, Stephane"]
[Black "Lapointe, Daniel"]
[Result "1-0"]
[WhiteElo "2076"]
[BlackElo "1691"]
[PlyCount "63"]
[GameId "2160767909572906"]
[EventDate "2012.01.09"]
[EventType "swiss"]
[EventRounds "5"]
[EventCountry "CAN"]
[SourceTitle "EXT 2022"]
[Source "ChessBase"]
[SourceDate "2021.10.06"]
[SourceVersion "1"]
[SourceVersionDate "2021.10.06"]
[SourceQuality "1"]

1. e4 c6 2. d4 d5 3. e5 Bf5 4. Ne2 e6 5. Ng3 Bg6 6. h4 h6 7. h5 Bh7 8. Bd3 Bxd3 9. Qxd3 Nd7 10. O-O Ne7 11. b4 Nb6 12. Nd2 Qd7 13. a4 Nf5 14. Nxf5 exf5 15. a5 Nc8 16. Ba3 Be7 17. Nf3 Qe6 18. b5 O-O 19. Rfb1 Kh8 20. bxc6 bxc6 21. Rb7 Bxa3 22. Qxa3 Re8 23. Rab1 g6 24. hxg6 fxg6 25. Rc7 Re7 26. Rbb7 Rxc7 27. Rxc7 Qe8 28. Ng5 h5 29. e6 a6 30. Qg3 Kg8 31. Qe5 Ne7 32. Qf6 1-0

[Event "Charlesbourg Capablanca"]
[Site "Charlesbourg CAN"]
[Date "2012.01.09"]
[Round "1"]
[White "Plante, Rejean"]
[Black "Gagnon, Alain"]
[Result "1-0"]
[WhiteElo "2004"]
[BlackElo "1630"]
[PlyCount "51"]
[GameId "2160767909572907"]
[EventDate "2012.01.09"]
[EventType "swiss"]
[EventRounds "5"]
[EventCountry "CAN"]
[SourceTitle "EXT 2022"]
[Source "ChessBase"]
[SourceDate "2021.10.06"]
[SourceVersion "1"]
[SourceVersionDate "2021.10.06"]
[SourceQuality "1"]

1. e4 c5 2. Nf3 d6 3. d4 cxd4 4. Nxd4 Nf6 5. Nc3 a6 6. Be3 e6 7. f3 Be7 8. Qd2 O-O 9. g4 b5 10. O-O-O b4 11. Nce2 e5 12. Nf5 Bxf5 13. gxf5 Qa5 14. Kb1 Rc8 15. Rg1 Nbd7 16. Nc1 Qc7 17. Nd3 a5 18. b3 a4 19. Nxb4 axb3 20. cxb3 Rab8 21. Na6 Qc3 22. Nxb8 Qxd2 23. Rxd2 Nxb8 24. Bc4 Nc6 25. Rc1 Ra8 26. Bxf7+ 1-0

[Event "Charlesbourg Capablanca"]
[Site "Charlesbourg CAN"]
[Date "2012.01.09"]
[Round "1"]
[White "Robitaille, Serge"]
[Black "Lessard, Claude"]
[Result "0-1"]
[WhiteElo "1680"]
[BlackElo "2035"]
[PlyCount "52"]
[GameId "2160767909572908"]
[EventDate "2012.01.09"]
[EventType "swiss"]
[EventRounds "5"]
[EventCountry "CAN"]
[SourceTitle "EXT 2022"]
[Source "ChessBase"]
[SourceDate "2021.10.06"]
[SourceVersion "1"]
[SourceVersionDate "2021.10.06"]
[SourceQuality "1"]

1. e4 c6 2. d4 d5 3. e5 Bf5 4. g4 Bg6 5. Bd3 Bxd3 6. Qxd3 e6 7. Nc3 Nd7 8. Nf3 c5 9. Be3 cxd4 10. Nxd4 Nxe5 11. Qb5+ Qd7 12. h3 a6 13. Qe2 Nc4 14. Bc1 Bc5 15. Nf5 O-O-O 16. Nxg7 Ne7 17. O-O h5 18. Nxh5 e5 19. Nf6 Qe6 20. Nfxd5 Rxh3 21. Qxc4 Kb8 22. Qe4 Rg8 23. g5 Rgh8 24. Nf6 Rh1+ 25. Qxh1 Rxh1+ 26. Kxh1 Qh3+ 0-1

[Event "Charlesbourg Capablanca"]
[Site "Charlesbourg CAN"]
[Date "2012.01.16"]
[Round "2"]
[White "Doyon, Stephane"]
[Black "Plante, Rejean"]
[Result "1-0"]
[WhiteElo "1799"]
[BlackElo "2009"]
[PlyCount "81"]
[GameId "2160767909572909"]
[EventDate "2012.01.09"]
[EventType "swiss"]
[EventRounds "5"]
[EventCountry "CAN"]
[SourceTitle "EXT 2022"]
[Source "ChessBase"]
[SourceDate "2021.10.06"]
[SourceVersion "1"]
[SourceVersionDate "2021.10.06"]
[SourceQuality "1"]

1. e4 c5 2. Nc3 a6 3. g3 b5 4. Bg2 Bb7 5. d3 e6 6. f4 Ne7 7. Be3 Qc7 8. Nf3 d5 9. exd5 Nxd5 10. Nxd5 Bxd5 11. O-O Nd7 12. c3 Be7 13. a4 O-O 14. axb5 axb5 15. Qe2 Rfd8 16. Qf2 Rac8 17. Ne5 Bxg2 18. Kxg2 Nf6 19. c4 Bd6 20. Nf3 Ng4 21. Qe2 Be7 22. Bc1 Qb7 23. h3 Nf6 24. Ra5 bxc4 25. dxc4 Rd4 26. Rb5 Qa8 27. Be3 Qe4 28. Kf2 Rxc4 29. Nd2 Rc2 30. Rc1 Qa4 31. Rxc2 Qxc2 32. Rb7 Bf8 33. Qb5 Qf5 34. g4 Qd5 35. Qa6 Rd8 36. g5 Nh5 37. Qb6 Rd6 38. Qc7 Qf5 39. Rb8 Qd5 40. Qc8 h6 41. g6 1-0

[Event "Charlesbourg Capablanca"]
[Site "Charlesbourg CAN"]
[Date "2012.01.16"]
[Round "2"]
[White "Glode, Martin"]
[Black "Beaudoin, Stephane"]
[Result "1/2-1/2"]
[WhiteElo "1901"]
[BlackElo "1076"]
[PlyCount "79"]
[GameId "2160767909572910"]
[EventDate "2012.01.09"]
[EventType "swiss"]
[EventRounds "5"]
[EventCountry "CAN"]
[SourceTitle "EXT 2022"]
[Source "ChessBase"]
[SourceDate "2021.10.06"]
[SourceVersion "1"]
[SourceVersionDate "2021.10.06"]
[SourceQuality "1"]

1. e4 g6 2. d4 Bg7 3. Nc3 d6 4. Be3 c6 5. a4 Nd7 6. Nf3 b6 7. Bd3 c5 8. O-O Bb7 9. Qe2 cxd4 10. Bxd4 Ngf6 11. Nd5 O-O 12. Nxf6+ Nxf6 13. c3 e5 14. Be3 Nxe4 15. Rfd1 Nc5 16. Bc4 Qc7 17. Bd5 Bxd5 18. Rxd5 Rad8 19. Rad1 Nxa4 20. Qb5 Nc5 21. Qc4 Qe7 22. Bg5 Bf6 23. Bh6 Rfe8 24. Qg4 Ne6 25. h4 Bg7 26. Bc1 h5 27. Qb4 Nc5 28. Bg5 f6 29. Be3 Qe6 30. Qa3 e4 31. Ne1 f5 32. Qxa7 Nd3 33. Rb5 f4 34. Bxb6 Rd7 35. Qa4 Ne5 36. Qxe4 Qg4 37. f3 Qxh4 38. Bf2 Qd8 39. Qxf4 d5 40. Bd4 1/2-1/2

[Event "Charlesbourg Capablanca"]
[Site "Charlesbourg CAN"]
[Date "2012.01.16"]
[Round "2"]
[White "Lessard, Claude"]
[Black "Lapierre, Gaetan"]
[Result "1-0"]
[WhiteElo "1989"]
[BlackElo "1814"]
[PlyCount "86"]
[GameId "2160767909572911"]
[EventDate "2012.01.09"]
[EventType "swiss"]
[EventRounds "5"]
[EventCountry "CAN"]
[SourceTitle "EXT 2022"]
[Source "ChessBase"]
[SourceDate "2021.10.06"]
[SourceVersion "1"]
[SourceVersionDate "2021.10.06"]
[SourceQuality "1"]

1. d4 d5 2. Nf3 Nf6 3. c4 c6 4. Nc3 e6 5. Bf4 Be7 6. e3 Nbd7 7. h3 O-O 8. Bd3 dxc4 9. Bxc4 b5 10. Bd3 b4 11. Ne4 c5 12. O-O cxd4 13. exd4 Bb7 14. Ned2 Nd5 15. Bg3 Re8 16. Qe2 a6 17. Rac1 N7f6 18. Ne5 Qb6 19. Ndf3 h6 20. Nc4 Qd8 21. Rfd1 Ra7 22. Nfe5 g5 23. Bb1 Nf4 24. Bxf4 gxf4 25. Ng4 Bf8 26. Qd3 Bg7 27. Nxf6+ Qxf6 28. Ne5 Rd8 29. Qh7+ Kf8 30. Rc7 Qxe5 31. dxe5 Rxd1+ 32. Kh2 f3 33. g3 Rf1 34. Bg6 Rxf2+ 35. Kg1 Rg2+ 36. Kf1 Be4 37. Rc8+ Ke7 38. Bxe4 Rd7 39. Bxf3 Rxg3 40. Qe4 Bxe5 41. Qxb4+ Kf6 42. Qh4+ Kg7 43. Be2 Rd4 1-0

[Event "Charlesbourg Capablanca"]
[Site "Charlesbourg CAN"]
[Date "2012.01.23"]
[Round "3"]
[White "Beaudoin, Stephane"]
[Black "Lamontagne, Danny"]
[Result "0-1"]
[WhiteElo "2079"]
[BlackElo "1789"]
[PlyCount "68"]
[GameId "2160767909572912"]
[EventDate "2012.01.09"]
[EventType "swiss"]
[EventRounds "5"]
[EventCountry "CAN"]
[SourceTitle "EXT 2022"]
[Source "ChessBase"]
[SourceDate "2021.10.06"]
[SourceVersion "1"]
[SourceVersionDate "2021.10.06"]
[SourceQuality "1"]

1. e4 d5 2. exd5 Qxd5 3. d4 e5 4. Be3 exd4 5. Bxd4 Nc6 6. Qe2+ Be6 7. Be3 O-O-O 8. Nc3 Bb4 9. Qb5 Qe4 10. Rc1 Nf6 11. Nf3 a6 12. Qg5 Bc4 13. Nd2 Rxd2 14. Kxd2 Rd8+ 15. Ke1 Nd5 16. a3 f6 17. axb4 Nxc3 18. Qc5 Bxf1 19. Qxc3 Bxg2 20. Rg1 Ne5 21. Rxg2 Qxg2 22. Bf4 Re8 23. Be3 Qxh2 24. b5 Ng4 25. bxa6 bxa6 26. Qd2 Nxe3 27. fxe3 Qg1+ 28. Ke2 Qg2+ 29. Ke1 Qe4 30. Kf2 Qf5+ 31. Ke2 Qh5+ 32. Ke1 Qh1+ 33. Ke2 Qg2+ 34. Ke1 Qf3 0-1

[Event "Charlesbourg Capablanca"]
[Site "Charlesbourg CAN"]
[Date "2012.01.23"]
[Round "3"]
[White "Fecteau, Martin"]
[Black "Doyon, Stephane"]
[Result "1/2-1/2"]
[WhiteElo "1987"]
[BlackElo "1789"]
[PlyCount "57"]
[GameId "2160767909572913"]
[EventDate "2012.01.09"]
[EventType "swiss"]
[EventRounds "5"]
[EventCountry "CAN"]
[SourceTitle "EXT 2022"]
[Source "ChessBase"]
[SourceDate "2021.10.06"]
[SourceVersion "1"]
[SourceVersionDate "2021.10.06"]
[SourceQuality "1"]

1. Nf3 Nf6 2. d4 g6 3. g3 Bg7 4. Bg2 d6 5. O-O O-O 6. c4 Nbd7 7. Nc3 e5 8. dxe5 dxe5 9. Ng5 Rb8 10. Qc2 c6 11. b3 Re8 12. Nge4 Nxe4 13. Nxe4 Nf6 14. Rd1 Qe7 15. Nd6 Rd8 16. Nxc8 Rxd1+ 17. Qxd1 Rxc8 18. Qc2 Rd8 19. Be3 Qd6 20. h3 e4 21. Rc1 c5 22. Bxe4 Nxe4 23. Qxe4 b6 24. Qb7 a5 25. Bf4 Qe6 26. Qc7 Rc8 27. Qb7 Rd8 28. Qc7 Rc8 29. Qb7 1/2-1/2

[Event "Charlesbourg Capablanca"]
[Site "Charlesbourg CAN"]
[Date "2012.01.23"]
[Round "3"]
[White "Garneau, Benoit"]
[Black "Lessard, Claude"]
[Result "0-1"]
[WhiteElo "1748"]
[BlackElo "1989"]
[PlyCount "66"]
[GameId "2160767909572914"]
[EventDate "2012.01.09"]
[EventType "swiss"]
[EventRounds "5"]
[EventCountry "CAN"]
[SourceTitle "EXT 2022"]
[Source "ChessBase"]
[SourceDate "2021.10.06"]
[SourceVersion "1"]
[SourceVersionDate "2021.10.06"]
[SourceQuality "1"]

1. e4 c6 2. d4 d5 3. exd5 cxd5 4. Bd3 Nc6 5. c3 Nf6 6. Bf4 Bg4 7. Qb3 Qd7 8. Nd2 e6 9. Ngf3 Bd6 10. Bg3 Bxg3 11. hxg3 a6 12. Ne5 Qc7 13. Nxc6 bxc6 14. Qc2 g6 15. b4 e5 16. dxe5 Qxe5+ 17. Kf1 O-O 18. Re1 Qd6 19. f3 Bd7 20. g4 a5 21. bxa5 Rxa5 22. Nb3 Raa8 23. Qd2 Rfe8 24. Kf2 Rxe1 25. Rxe1 Qh2 26. Rg1 h5 27. g5 Nh7 28. Nc5 Bc8 29. c4 Qh4+ 30. g3 Qd4+ 31. Qe3 Rxa2+ 32. Be2 Qxc4 33. Rc1 Rxe2+ 0-1

[Event "Charlesbourg Festival"]
[Site "Charlesbourg CAN"]
[Date "2012.06.04"]
[Round "1"]
[White "Beaudoin, Stephane"]
[Black "Cote, Jocelyn"]
[Result "1-0"]
[WhiteElo "2067"]
[BlackElo "1720"]
[PlyCount "51"]
[GameId "2160767909509224"]
[EventDate "2012.06.04"]
[EventType "swiss"]
[EventRounds "5"]
[EventCountry "CAN"]
[SourceTitle "EXT 2022"]
[Source "ChessBase"]
[SourceDate "2021.10.06"]
[SourceVersion "1"]
[SourceVersionDate "2021.10.06"]
[SourceQuality "1"]

1. e4 g6 2. Nf3 Bg7 3. Bc4 Nf6 4. e5 Nh5 5. d4 d5 6. Bd3 O-O 7. Ng5 Bh8 8. Nxh7 Kxh7 9. Qxh5+ Kg8 10. Qh4 c5 11. c3 cxd4 12. cxd4 Nc6 13. Nd2 Qa5 14. O-O Qb4 15. Nf3 Bg7 16. Bd2 Qb6 17. Bh6 Rd8 18. Rad1 Nxd4 19. Nxd4 Bxh6 20. Qxh6 Bg4 21. e6 Bxd1 22. Bxg6 fxg6 23. Qxg6+ Kh8 24. Qh6+ Kg8 25. Nf5 Qxb2 26. Nxe7# 1-0

[Event "Charlesbourg Festival"]
[Site "Charlesbourg CAN"]
[Date "2012.06.04"]
[Round "1"]
[White "Lamontagne, Danny"]
[Black "Tremblay, Charles"]
[Result "1/2-1/2"]
[WhiteElo "1883"]
[BlackElo "1497"]
[PlyCount "134"]
[GameId "2160767909509225"]
[EventDate "2012.06.04"]
[EventType "swiss"]
[EventRounds "5"]
[EventCountry "CAN"]
[SourceTitle "EXT 2022"]
[Source "ChessBase"]
[SourceDate "2021.10.06"]
[SourceVersion "1"]
[SourceVersionDate "2021.10.06"]
[SourceQuality "1"]

1. e4 c5 2. c3 Nc6 3. d4 d5 4. dxc5 dxe4 5. Qxd8+ Nxd8 6. Bb5+ Nc6 7. Ne2 e6 8. b4 Nge7 9. Nd2 f5 10. Nc4 Ng6 11. h4 h5 12. Nf4 Nxf4 13. Bxf4 Bd7 14. Nd6+ Bxd6 15. Bxd6 Kf7 16. Rd1 Ne5 17. Be2 Ng6 18. Bc4 a6 19. Bc7 Bc6 20. g3 Rhe8 21. O-O Rac8 22. Bd6 Kf6 23. Be2 Rh8 24. Rd2 e5 25. Ra1 f4 26. a4 f3 27. Bf1 Bd7 28. b5 axb5 29. axb5 Be6 30. Ra7 b6 31. c6 Ra8 32. Ra6 Ne7 33. Bxe7+ Kxe7 34. c7 Rhc8 35. Rd1 Rxa6 36. bxa6 Rxc7 37. Rb1 Rxc3 38. a7 Ra3 39. Kh2 Rxa7 40. Rxb6 Ra2 41. Rb7+ Kf6 42. Rb6 Rxf2+ 43. Kg1 e3 44. Bh3 Rd2 45. Rxe6+ Kf7 46. Rxe5 Rd1+ 47. Kh2 Rd2+ 48. Kg1 f2+ 49. Kf1 Rd1+ 50. Ke2 Re1+ 51. Kd3 Rd1+ 52. Kxe3 Re1+ 53. Kd4 Rd1+ 54. Ke4 Re1+ 55. Kd5 Rd1+ 56. Ke4 g6 57. Ke3 Re1+ 58. Kd4 Kf6 59. Re3 f1=Q 60. Bxf1 Rxf1 61. Ke4 Rf5 62. Ra3 Re5+ 63. Kf4 Rf5+ 64. Ke4 Re5+ 65. Kd4 Ke6 66. Rf3 Rd5+ 67. Ke4 Re5+ 1/2-1/2

[Event "Charlesbourg Festival"]
[Site "Charlesbourg CAN"]
[Date "2012.06.04"]
[Round "1"]
[White "Robitaille, Serge"]
[Black "Lessard, Claude"]
[Result "0-1"]
[WhiteElo "1650"]
[BlackElo "1998"]
[PlyCount "92"]
[GameId "2160767909509226"]
[EventDate "2012.06.04"]
[EventType "swiss"]
[EventRounds "5"]
[EventCountry "CAN"]
[SourceTitle "EXT 2022"]
[Source "ChessBase"]
[SourceDate "2021.10.06"]
[SourceVersion "1"]
[SourceVersionDate "2021.10.06"]
[SourceQuality "1"]

1. e4 c5 2. Nc3 Nc6 3. g3 g6 4. Bg2 Bg7 5. Nge2 e6 6. d3 Nge7 7. O-O O-O 8. Bf4 d6 9. Qd2 Nd4 10. Nd1 e5 11. Be3 Bh3 12. c3 Bxg2 13. Kxg2 Nxe2 14. Qxe2 f5 15. f4 Qc7 16. g4 Qc6 17. Qf3 fxg4 18. Qxg4 d5 19. Kg1 dxe4 20. dxe4 exf4 21. Rxf4 Rxf4 22. Bxf4 Qxe4 23. Nf2 Qc6 24. Rd1 Nf5 25. Qg2 Qxg2+ 26. Kxg2 h6 27. Rd7 g5 28. Bc7 b5 29. Ne4 c4 30. Nc5 Re8 31. Kf2 b4 32. Ba5 bxc3 33. Bxc3 Bxc3 34. bxc3 Re5 35. Rd8+ Kf7 36. Nb7 h5 37. Rd7+ Kg6 38. Nd8 Ra5 39. Rd2 Nh4 40. Kg3 Rf5 41. Rd6+ Kh7 42. Rd7+ Kg8 43. h3 Rf3+ 44. Kh2 Rxc3 45. Rxa7 Rc2+ 46. Kh1 Nf3 0-1

[Event "Charlesbourg Festival"]
[Site "Charlesbourg CAN"]
[Date "2012.06.11"]
[Round "2"]
[White "Garneau, Benoit"]
[Black "Bonneau, Daniel"]
[Result "0-1"]
[WhiteElo "1783"]
[BlackElo "2024"]
[PlyCount "52"]
[GameId "2160767909509227"]
[EventDate "2012.06.04"]
[EventType "swiss"]
[EventRounds "5"]
[EventCountry "CAN"]
[SourceTitle "EXT 2022"]
[Source "ChessBase"]
[SourceDate "2021.10.06"]
[SourceVersion "1"]
[SourceVersionDate "2021.10.06"]
[SourceQuality "1"]

1. e4 e6 2. d4 d5 3. Nc3 Nf6 4. Bg5 dxe4 5. Nxe4 Be7 6. Nxf6+ gxf6 7. Bf4 Nd7 8. Nf3 c6 9. Bd3 Qa5+ 10. c3 Qh5 11. Qe2 Rg8 12. g3 Nf8 13. O-O-O Qa5 14. b4 Qa3+ 15. Qb2 Qxb2+ 16. Kxb2 Ng6 17. Bd2 Bd7 18. c4 O-O-O 19. c5 e5 20. h3 Be6 21. Bc3 Bd5 22. Be2 exd4 23. Bxd4 Ne5 24. Nxe5 fxe5 25. Bg4+ Rxg4 26. hxg4 Bxh1 0-1

[Event "Charlesbourg Festival"]
[Site "Charlesbourg CAN"]
[Date "2012.06.11"]
[Round "2"]
[White "Glode, Martin"]
[Black "Beaudoin, Stephane"]
[Result "0-1"]
[WhiteElo "1867"]
[BlackElo "2067"]
[PlyCount "50"]
[GameId "2160767909509228"]
[EventDate "2012.06.04"]
[EventType "swiss"]
[EventRounds "5"]
[EventCountry "CAN"]
[SourceTitle "EXT 2022"]
[Source "ChessBase"]
[SourceDate "2021.10.06"]
[SourceVersion "1"]
[SourceVersionDate "2021.10.06"]
[SourceQuality "1"]

1. e4 g6 2. d4 Bg7 3. Nc3 d6 4. Be3 c6 5. a4 Nd7 6. Nf3 e6 7. Bd3 Ne7 8. O-O O-O 9. Qd2 d5 10. exd5 exd5 11. Bh6 Nf6 12. Bxg7 Kxg7 13. Rfe1 Bf5 14. Re5 Bxd3 15. Qxd3 Nc8 16. Rae1 Nd6 17. b3 Nfe4 18. Nxd5 cxd5 19. Rxd5 Nf6 20. Rde5 Nd7 21. Rd5 Nf6 22. Rde5 Re8 23. h3 h5 24. Qe3 Nf5 25. Qg5 Nxd4 0-1